000 00626nam a2200181 i 4500
001 104155
003 ES-MaACL
005 20230906183528.0
007 t|
008 051124s1961 sp ||||1| spa d
100 1 _aMiddendorff, Wolf.
_980950
245 1 0 _aSociología del delito
_b: fenomenología y metamorfosis de la conducta asocial /
_cWolf Middendorff ; traducción de José María Rodríguez Devesa.
260 _aMadrid :
_bRevista de Occidente,
_c1961.
300 _a397 p. ;
_c27 cm.
650 0 4 _aSociologia criminal.
_917203
700 1 _aRodríguez Devesa, José María.
_998493
852 _aES-MaACL
_jG-1470
999 _c104155
_d104155